[Event "FRA-chT4 1516"]
[Site "Champagne Ardennes"]
[Date "2015.12.06"]
[Round "3"]
[White "Rapinel, Franck"]
[Black "Jouniaux, Quentin"]
[Result "1-0"]
[WhiteElo "2128"]
[BlackElo "1874"]
[PlyCount "97"]
[EventDate "2015.12.06"]
[EventType "team-tourn"]
[EventRounds "7"]
[EventCountry "FRA"]
[SourceTitle "EXT 2024"]
[Source "ChessBase"]
[SourceDate "2023.10.10"]
[SourceVersion "1"]
[SourceVersionDate "2023.10.10"]
[SourceQuality "1"]

1. d4 d5 2. c4 dxc4 3. Nf3 Nf6 4. e3 e6 5. Bxc4 Bd6 6. Nc3 0-0 7. 0-0 b6 8. e4 Be7 9. Qe2 c5 10. Rd1 Qc7 11. e5 Ne8 12. d5 exd5 13. Nxd5 Qb7 14. Nxe7+ Qxe7 15. Bg5 Qc7 16. Bd8 Qb7 17. Bd5 Nc6 18. Qe4 Bf5 19. Bxc6 Bxe4 20. Bxb7 Bxb7 21. Be7 Bxf3 22. gxf3 Nc7 23. Bxf8 Kxf8 24. a4 Ne6 25. a5 b5 26. a6 Nd4 27. Kg2 Re8 28. f4 Re6 29. b4 Nc2 30. Rac1 Nxb4 31. Rxc5 Rxa6 32. Rxb5 Rb6 33. Rxb6 axb6 34. Rd4 Nc2 35. Rd8+ Ke7 36. Rb8 Nd4 37. Rxb6 g6 38. Kg3 h5 39. Rb4 Nf5+ 40. Kf3 Nh4+ 41. Ke4 Ke6 42. Rb6+ Ke7 43. Rf6 Ng2 44. f5 g5 45. Ra6 Nf4 46. f6+ Ke8 47. Ra8+ Kd7 48. Rf8 Ke6 49. Re8+ 1-0

[Event "Paris BNP-Paribas blitz"]
[Site "Paris"]
[Date "2015.06.13"]
[Round "3"]
[White "Jouniaux, Quentin"]
[Black "Bonnaud, Remy"]
[Result "1-0"]
[WhiteElo "1836"]
[BlackElo "2220"]
[PlyCount "54"]
[EventDate "2015.06.12"]
[EventType "swiss (blitz)"]
[EventRounds "15"]
[EventCountry "FRA"]
[SourceTitle "CBM 167 Extra"]
[Source "ChessBase"]
[SourceDate "2015.09.14"]
[SourceVersion "1"]
[SourceVersionDate "2015.09.14"]
[SourceQuality "1"]

1. d4 d5 2. c4 c6 3. Nc3 Nf6 4. cxd5 cxd5 5. Nf3 Nc6 6. e3 Qb6 7. Bd3 Bg4 8. 0-0 e6 9. b3 Bd6 10. Nb5 Be7 11. Bd2 0-0 12. h3 Bh5 13. Nc3 Rac8 14. Be2 Ba3 15. Na4 Qd8 16. Nc5 b6 17. Nd3 Ne4 18. b4 Qd6 19. b5 Nxd2 20. Qxd2 Nb4 21. Nxb4 Bxb4 22. Qd3 Bg6 23. Qb3 Bc2 24. Qb2 f6 25. a3 Bc3 26. Qxc2 Bxa1 27. Qa4 Bb2 1-0

[Event "FRA-chT4 1415"]
[Site "Champagne Ardennes"]
[Date "2014.10.12"]
[Round "1"]
[White "Roussel, Julien"]
[Black "Jouniaux, Quentin"]
[Result "0-1"]
[WhiteElo "1740"]
[BlackElo "1688"]
[PlyCount "78"]
[EventDate "2014.10.16"]
[EventType "team-tourn"]
[EventRounds "7"]
[EventCountry "FRA"]
[SourceTitle "EXT 2024"]
[Source "ChessBase"]
[SourceDate "2023.10.10"]
[SourceVersion "1"]
[SourceVersionDate "2023.10.10"]
[SourceQuality "1"]

1. d4 d5 2. Nf3 Nf6 3. e3 Bg4 4. Bd3 e6 5. 0-0 Bd6 6. Nbd2 c5 7. c3 c4 8. Be2 Nc6 9. Nh4 Bxe2 10. Qxe2 Ne4 11. Nhf3 Nxd2 12. Nxd2 f5 13. Qh5+ g6 14. Qe2 g5 15. f3 Kd7 16. e4 f4 17. b3 b5 18. a4 a6 19. Ba3 b4 20. Bb2 Nxd4 21. cxd4 c3 22. Bc1 cxd2 23. Bxd2 Qb6 24. Qf2 e5 25. Kh1 dxe4 26. fxe4 Qxd4 27. Qxd4 exd4 28. Rac1 Rac8 29. Rfd1 a5 30. Kg1 Rhf8 31. Rxc8 Rxc8 32. Rc1 Rxc1+ 33. Bxc1 Ke6 34. Kf2 Ke5 35. g3 Kxe4 36. Ke2 d3+ 37. Kf2 Bc5+ 38. Ke1 Be3 39. Bb2 f3 0-1

[Event "FRA-chT4 1314"]
[Site "Champagne Ardennes"]
[Date "2014.01.12"]
[Round "4.7"]
[White "Jouniaux, Quentin"]
[Black "Romain, Adeline"]
[Result "1-0"]
[WhiteElo "1684"]
[BlackElo "1710"]
[PlyCount "129"]
[EventDate "2013.10.25"]
[EventType "team-tourn"]
[EventRounds "7"]
[EventCountry "FRA"]
[SourceTitle "EXT 2024"]
[Source "ChessBase"]
[SourceDate "2023.10.10"]
[SourceVersion "1"]
[SourceVersionDate "2023.10.10"]
[SourceQuality "1"]

1. d4 d5 2. Nf3 Nf6 3. c4 dxc4 4. Nc3 Bg4 5. Ne5 Be6 6. e4 Nbd7 7. Nxd7 Bxd7 8. e5 Ng8 9. Bxc4 e6 10. d5 Qh4 11. dxe6 fxe6 12. Qb3 Qd4 13. 0-0 0-0-0 14. Be3 Qxe5 15. Bxa7 Bd6 16. g3 Bc6 17. Bxe6+ Bd7 18. Bxd7+ Rxd7 19. Rfe1 Qh5 20. Nb5 Nf6 21. Rac1 Qh3 22. Qc4 c6 23. Qe6 Qxe6 24. Rxe6 Bb8 25. Bb6 Rd2 26. Bd4 Kd7 27. Rxf6 gxf6 28. Bc3 Re2 29. Rd1+ Ke7 30. Nd4 Re4 31. f3 Rxd4 32. Bxd4 Be5 33. Bc5+ Ke6 34. b4 Ra8 35. Rd2 Ra4 36. Rc2 Kd5 37. Kf1 Ra3 38. Ke2 h6 39. f4 Bc3 40. Bf8 h5 41. b5 Ra8 42. bxc6 bxc6 43. Rxc3 Rxf8 44. a4 Ra8 45. Ra3 Ra5 46. Kd3 c5 47. h3 f5 48. Kc3 c4 49. Ra1 Kc5 50. Re1 Kd6 51. Kb4 Rc5 52. Rd1+ Kc6 53. Rc1 Kd5 54. a5 Rc8 55. Kc3 Kc5 56. Re1 Kd6 57. Re5 Rg8 58. a6 Rxg3+ 59. Kxc4 Ra3 60. Rxf5 Ke7 61. Kb5 Rxh3 62. a7 Ra3 63. Rxh5 Kf7 64. Kb6 Rb3+ 65. Rb5 1-0